000 00651nam a2200229Ia 4500
005 20240304134934.0
008 140110s9999 xx 000 0 und d
020 _a9788126505279
_cRs.599.00
040 _aLoreto College
041 _aEnglish
082 _a004.22
_bMIN
100 _aMinasi,Mark
245 4 _aThe complete PC upgrade and maintenance guide
_cMark Minasi with Faithe Wempen and Quentin Docter
250 _a16th ed
260 _aSan Francisco
_bWiley
_c2011
300 _axlviii,872p
504 _aIncludes glossary and index
650 _aComputers-Maintenance
700 _aWempen,Faithe
850 _aLCLIB
942 _cBK
999 _c37498
_d87977